00993cam a22002171 450000100100000000500170001000800410002704000250006808200140009310000350010724500780014226000600022030000170028050501790029765100430047665100520051965100380057191000340060995201170064399900150076000000237620200929150205.0720302m19709999mx 000 0 spa  aDO-SdBNPbspacBNPHU annnbE18p1 aEcheverria, Luis,d1922-9755210aPraxis política /cGrupo de trabajo: Fernando Cordoba Lobo... [et al.]. aMéxico :bCultura y Ciencia Política, A. C.,c1970. av. ;c20 cm.0 aVol. 1: "Contiene los principales pronunciamientos... del licenciado Luis Echeverría, a partir de su postulación y durante la primera etapa de su compañía electoral." 0aMéxicoxPolítica Económica97553 0aMéxicoxPolitica Y Gobiernoy1946-1970.97554 0aMéxicoxPolítica Social97555 aCatalogación por copia / LC 001052708MOaGRbGRcCTd2009-09-22iLF1l0onnn E18pp2376-10r2020-06-25w2020-06-25y2ZPréstamo interno c2216d2216